<?xml version="1.0" encoding="UTF-8"?>
<collection xmlns="http://www.loc.gov/MARC21/slim">
 <record>
  <leader>00586pamaa2200181   4500</leader>
  <controlfield tag="001">0000024349</controlfield>
  <controlfield tag="005">20060605090000.0</controlfield>
  <datafield tag="020" ind1="0" ind2="0">
   <subfield code="a">0700601848 </subfield>
  </datafield>
  <datafield tag="082" ind1=" " ind2=" ">
   <subfield code="a">364.155 ANG</subfield>
  </datafield>
  <datafield tag="090" ind1="0" ind2="0">
   <subfield code="a">HV6248 </subfield>
   <subfield code="b">ANG 1979</subfield>
  </datafield>
  <datafield tag="100" ind1="1" ind2="0">
   <subfield code="a">ANGIOLILLO </subfield>
  </datafield>
  <datafield tag="245" ind1="1" ind2="2">
   <subfield code="a">A criminal as hero : </subfield>
   <subfield code="b">Angelo Duco  </subfield>
   <subfield code="c">Paul F. Angiolillo.</subfield>
  </datafield>
  <datafield tag="260" ind1="0" ind2="0">
   <subfield code="a">Lawrence: </subfield>
   <subfield code="b">The Regents Press Kansas, </subfield>
   <subfield code="c">1979.</subfield>
  </datafield>
  <datafield tag="300" ind1=" " ind2=" ">
   <subfield code="a">211p.; </subfield>
   <subfield code="c">22cm.</subfield>
  </datafield>
  <datafield tag="650" ind1="0" ind2="0">
   <subfield code="a">Duca, Angelo -- </subfield>
   <subfield code="y">1734-1784 </subfield>
  </datafield>
  <datafield tag="650" ind1="0" ind2="0">
   <subfield code="a">Brigands and robbers -- </subfield>
   <subfield code="x">Biography -- </subfield>
   <subfield code="z">Italy </subfield>
  </datafield>
  <datafield tag="650" ind1="0" ind2="0">
   <subfield code="a">Brigands and robbers -- </subfield>
   <subfield code="x">History -- </subfield>
   <subfield code="z">Italy </subfield>
  </datafield>
  <datafield tag="650" ind1="0" ind2="0">
   <subfield code="a">Brigands and robbers in literature </subfield>
  </datafield>
 </record>
</collection>
